All Official Cities in Malaysia with a Map - Statistics

General Stats
  • This quiz has been taken 47 times
  • The average score is 13 of 20
Answers on the Map
Answers color-coded by a green-red scale on the quiz's map according to % correct below.
 
Answer Stats
State City % Correct
Federal Territories Kuala Lumpur
100%
Johor Johor Bahru
95%
Penang George Town
93%
Sabah Kota Kinabalu
79%
Sarawak Kuching
79%
Malacca Malacca
79%
Perak Ipoh
76%
Federal Territories Putrajaya
71%
Terengganu Kuala Terengganu
67%
Pahang Kuantan
64%
Kedah Alor Setar
62%
Selangor Klang
60%
Negeri Sembilan Seremban
57%
Selangor Shah Alam
57%
Selangor Petaling Jaya
50%
Sarawak Miri
45%
Selangor Subang Jaya
40%
Johor Pasir Gudang
36%
Johor Iskandar Puteri
33%
Penang Seberang Perai
21%
No matching quizzes found
Score Distribution
Percent of People with Each Score
Percentile by Number Answered
Your Score History
You have not taken this quiz